[Event "ICC 2 12 10/11/97, Internet Ch"]
[Site "ICC 2 12 10/11/97, Internet C"]
[Date "1997.??.??"]
[Round "?"]
[White "Brause"]
[Black "Tb7"]
[Result "1-0"]
[WhiteElo "2465"]
[BlackElo "1965"]
[PlyCount "35"]

1. e4 e6 2. d4 d5 3. c4 c6 4. Nc3 Nf6 5. exd5 cxd5 6. Nf3 Nc6 7. Bd3 Be7 8.
O-O
O-O 9. Bf4 a6 10. c5 Nd7 11. Qc2 Nf6 12. a3 b6 13. Na4 bxc5 14. Nxc5 Bxc5 15.
dxc5 Bb7 16. Bd6 Re8 17. Ng5 h6 18. Bh7+ 1-0

[Event "ICC 2 12 10/11/97, Internet Ch"]
[Site "ICC 2 12 10/11/97, Internet C"]
[Date "1997.??.??"]
[Round "?"]
[White "Brause"]
[Black "sekere"]
[Result "1-0"]
[WhiteElo "2400"]
[BlackElo "2045"]
[PlyCount "46"]

1. e4 e6 2. d4 d5 3. c4 dxe4 4. Nc3 Nf6 5. f3 e3 6. Bxe3 Be7 7. Bd3 O-O 8.
Nge2
Nbd7 9. O-O e5 10. Bf5 exd4 11. Nxd4 Ne5 12. b3 g6 13. Bxc8 Qxc8 14. Bf4 Nfd7
15. Bh6 Re8 16. f4 Nc6 17. Nxc6 bxc6 18. f5 Bc5+ 19. Kh1 Nf8 20. Qg4 Qd7 21.
Ne4 Rxe4 22. Qxe4 Bd4 23. Rad1 c5 1-0

[Event "ICC 2 12 10/11/97, Internet Ch"]
[Site "ICC 2 12 10/11/97, Internet C"]
[Date "1997.??.??"]
[Round "?"]
[White "Brause"]
[Black "gonzalez"]
[Result "0-1"]
[WhiteElo "2420"]
[BlackElo "2095"]
[PlyCount "111"]

1. e4 e6 2. d4 d5 3. c4 dxe4 4. Nc3 Nf6 5. f3 e3 6. Bxe3 Bb4 7. Qb3 c5 8.
O-O-O
Qe7 9. d5 Bxc3 10. Qxc3 Nbd7 11. d6 Qd8 12. Ne2 b6 13. Ng3 Bb7 14. Bd3 Qc8 15.
Rhe1 Bc6 16. Ne4 O-O 17. Nxf6+ Nxf6 18. Qc2 h6 19. Bf4 Nd7 20. Re3 Qd8 21. Qc3
Re8 22. Rd2 Qf6 23. Qxf6 Nxf6 24. Be5 Nd7 25. Bc3 f5 26. f4 Kf7 27. Rg3 g6 28.
Rh3 h5 29. Rg3 e5 30. fxe5 Nxe5 31. Be2 Rad8 32. h3 Re6 33. Bf1 Nd7 34. Rd1
Nf6
35. Bxf6 Kxf6 36. Rgd3 Rd7 37. R3d2 Be4 38. Bd3 Rexd6 39. Kc2 Rxd3 40. Rxd3 g5
41. Kc3 Rxd3+ 42. Rxd3 Bxd3 43. Kxd3 Ke5 44. Ke2 Ke4 45. Ke1 Ke3 46. Kf1 f4
47.
h4 g4 48. a3 a5 49. Ke1 g3 50. Kf1 a4 51. Ke1 f3 52. b3 f2+ 53. Kd1 axb3 54.
Kc1 f1=Q+ 55. Kb2 Qd1 56. a4 0-1

[Event "ICC 2 12 10/11/97, Internet Ch"]
[Site "ICC 2 12 10/11/97, Internet C"]
[Date "1997.??.??"]
[Round "?"]
[White "Brause"]
[Black "gonzalez"]
[Result "1-0"]
[WhiteElo "2415"]
[BlackElo "2280"]
[PlyCount "135"]

1. e4 e6 2. d4 d5 3. c4 dxe4 4. Nc3 Nf6 5. f3 Bb4 6. Qa4+ Nc6 7. Be3 Bd7 8.
Qc2
e5 9. dxe5 Nxe5 10. a3 Nd3+ 11. Bxd3 exd3 12. Qxd3 Be7 13. Nge2 Be6 14. Qxd8+
Rxd8 15. Nb5 O-O 16. Rc1 c6 17. Nxa7 Rd3 18. Bf2 Rfd8 19. Bb6 Ra8 20. Rc2 Nd7
21. Nc1 Nxb6 22. Nxd3 Rxa7 23. c5 Nd5 24. Ke2 g5 25. g3 Ra8 26. Re1 Bf5 27.
Rd2
Rd8 28. Rc1 Bf6 29. Ne1 Re8+ 30. Kf2 Kg7 31. Ng2 h5 32. h4 gxh4 33. Nxh4 Bxh4
34. gxh4 Kf6 35. Rg1 Bg6 36. Rd4 Re6 37. b4 Re8 38. b5 Ra8 39. a4 Ke5 40. Rc4
Bd3 41. Re1+ Kf6 42. Rd4 Bc2 43. Ra1 Ke5 44. Rd2 Bxa4 45. Re2+ Kd4 46. bxc6
bxc6 47. Re4+ Kxc5 48. Rexa4 Rb8 49. Ra7 Rb2+ 50. Kg3 f5 51. Rc1+ Kd4 52. Rxc6
f4+ 53. Kh3 Rf2 54. Ra4+ Ke5 55. Rh6 Rxf3+ 56. Kg2 Rg3+ 57. Kf2 Rd3 58. Rxh5+
Kd6 59. Ke2 Re3+ 60. Kd2 Nf6 61. Rxf4 Nxh5 62. Rd4+ Ke5 63. Kxe3 Ng7 64. Rb4
Kf5 65. Rb5+ Kg6 66. Kf3 Nf5 67. h5+ Kf6 68. Kf4 1-0

[Event "ICC 2 12 10/16/97, Internet Ch"]
[Site "ICC 2 12 10/16/97, Internet C"]
[Date "1997.??.??"]
[Round "?"]
[White "Brause"]
[Black "patterncircular"]
[Result "1-0"]
[WhiteElo "2480"]
[BlackElo "2270"]
[PlyCount "93"]

1. e4 e6 2. d4 d5 3. c4 dxe4 4. Nc3 Nf6 5. f3 exf3 6. Nxf3 Be7 7. Bd3 c5 8. d5
exd5 9. cxd5 Kf8 10. Qb3 Qb6 11. Qxb6 axb6 12. Bf4 Na6 13. d6 Bd8 14. O-O Nb4
15. Bc4 Bd7 16. Ng5 Nc2 17. Rac1 Nd4 18. Nxf7 b5 19. Nxb5 Bxb5 20. Nxh8 Bxc4
21. Rxc4 b5 22. Rxc5 Bb6 23. b4 Bxc5 24. bxc5 Kg8 25. Be5 Nc6 26. Bxf6 gxf6
27.
Rxf6 Kxh8 28. d7 Ne5 29. c6 Kg7 30. c7 Nxd7 31. Rd6 Rc8 32. Rxd7+ Kg6 33. Kf2
h5 34. Kf3 Kf6 35. h3 Ke6 36. Rh7 Kd6 37. Kf4 Kc6 38. Kg5 Kb7 39. Kxh5 Re8 40.
g4 Re2 41. g5 Rxa2 42. g6 b4 43. g7 Rg2 44. c8=Q+ Kxc8 45. Rh8+ Kc7 46. g8=Q
Rxg8 47. Rxg8 1-0

[Event "ICC 2 12 10/16/97, Internet Ch"]
[Site "ICC 2 12 10/16/97, Internet C"]
[Date "1997.??.??"]
[Round "?"]
[White "Brause"]
[Black "Qzzq"]
[Result "1-0"]
[WhiteElo "2490"]
[BlackElo "2180"]
[PlyCount "108"]

1. e4 e6 2. d4 d5 3. c4 dxe4 4. Nc3 f5 5. f3 exf3 6. Nxf3 Nf6 7. Bg5 Be7 8.
Qb3
O-O 9. O-O-O c6 10. Bd3 a5 11. Rhe1 Re8 12. Rd2 Bb4 13. c5 Bxc3 14. Qxc3 a4
15.
Qa3 Na6 16. Qxa4 Bd7 17. Qb3 Nc7 18. Bxf5 Ncd5 19. Bd3 Qa5 20. Bc4 b5 21. cxb6
Reb8 22. b7 Ra7 23. Ne5 Raxb7 24. Qg3 Nh5 25. Qh4 Be8 26. Qe4 Nhf6 27. Bxf6
gxf6 28. Nxc6 Bxc6 29. Qxe6+ Kh8 30. Qxc6 Rc7 31. Re8+ Kg7 32. Qxd5 Qxd5 33.
Re7+ Rxe7 34. Bxd5 Rc7+ 35. Kd1 f5 36. Be6 Kf6 37. d5 Rc4 38. b3 Re4 39. Rf2
f4
40. g3 Ke5 41. gxf4+ Rxf4 42. Rxf4 Kxf4 43. Kc2 Ke5 44. Kc3 Rf8 45. a4 h5 46.
a5 h4 47. h3 Kd6 48. Kc4 Kc7 49. Kc5 Ra8 50. d6+ Kd8 51. b4 Ra7 52. Kb6 Rg7
53.
a6 Rg6 54. a7 Rxe6 1-0

[Event "ICC 2 12 10/16/97, Internet Ch"]
[Site "ICC 2 12 10/16/97, Internet C"]
[Date "1997.??.??"]
[Round "?"]
[White "Brause"]
[Black "Qzzq"]
[Result "1-0"]
[WhiteElo "2500"]
[BlackElo "2170"]
[PlyCount "24"]

1. e4 e6 2. d4 d5 3. c4 dxe4 4. Nc3 f5 5. Be2 c6 6. Nh3 Nd7 7. O-O Be7 8. d5
cxd5 9. cxd5 e5 10. d6 Bf8 11. Nb5 Ndf6 12. Ng5 Nh6 1-0

[Event "ICC 2 12 10/17/97, Internet Ch"]
[Site "ICC 2 12 10/17/97, Internet C"]
[Date "1997.??.??"]
[Round "?"]
[White "Brause"]
[Black "patterncircular"]
[Result "1-0"]
[WhiteElo "2510"]
[BlackElo "2270"]
[PlyCount "39"]

1. e4 e6 2. d4 d5 3. c4 dxe4 4. Nc3 Nf6 5. f3 exf3 6. Nxf3 c5 7. d5 exd5 8.
cxd5 Bd6 9. Bb5+ Bd7 10. Qe2+ Qe7 11. O-O Qxe2 12. Bxe2 a6 13. Bg5 Ng8 14. Ne4
Bf8 15. Ne5 f6 16. Bh5+ g6 17. Nxf6+ Nxf6 18. Nxg6 Nxh5 19. Rae1+ Be6 20.
Rxe6+
1-0

[Event "ICC 2 12 10/17/97, Internet Ch"]
[Site "ICC 2 12 10/17/97, Internet C"]
[Date "1997.??.??"]
[Round "?"]
[White "Brause"]
[Black "walter1700"]
[Result "0-1"]
[WhiteElo "2555"]
[BlackElo "2390"]
[PlyCount "93"]

1. e4 e6 2. d4 d5 3. c4 dxe4 4. Nc3 Nf6 5. f3 Bb4 6. Qa4+ Nc6 7. Be3 O-O 8.
O-O-O Bxc3 9. bxc3 Qd6 10. Re1 Rd8 11. c5 Qd7 12. Bg5 e5 13. Bxf6 gxf6 14. Bb5
exd4 15. Bxc6 Qxc6 16. Qxc6 bxc6 17. cxd4 Rxd4 18. fxe4 Rc4+ 19. Kd2 Rxc5 20.
Re2 Ba6 21. Rf2 Rd8+ 22. Ke3 Rd1 23. g3 Re1+ 24. Kd2 Rcc1 25. Rxf6 Rcd1+ 26.
Kc3 Kg7 27. Rf5 Bd3 28. Rg5+ Kf8 29. Re5 Bxe4 30. Rxe4 Rxe4 31. h3 Ree1 32.
Rh2
Rxg1 33. g4 Rh1 34. Rc2 Rxh3+ 35. Kc4 Rg3 36. Kc5 Rxg4 37. Kxc6 h5 38. Kxc7
Rdd4 39. Rf2 h4 40. Kb7 h3 41. Rh2 Rd3 42. Rh1 Rg2 43. a4 h2 44. Kxa7 Ra3 45.
Kb6 Rxa4 46. Kc5 Raa2 47. Kd4 0-1

[Event "ICC 2 12 10/17/97, Internet Ch"]
[Site "ICC 2 12 10/17/97, Internet C"]
[Date "1997.??.??"]
[Round "?"]
[White "Brause"]
[Black "grand-duke"]
[Result "1-0"]
[WhiteElo "2680"]
[BlackElo "1965"]
[PlyCount "41"]

1. e4 e6 2. d4 d5 3. c4 dxe4 4. Nc3 c5 5. d5 exd5 6. cxd5 Nf6 7. Bg5 Nbd7 8.
Qa4 Be7 9. Bxf6 Bxf6 10. Qxe4+ Qe7 11. O-O-O Bxc3 12. Qxe7+ Kxe7 13. d6+ Kd8
14. bxc3 b6 15. Nf3 f6 16. Re1 Re8 17. Bb5 a6 18. Rxe8+ Kxe8 19. Re1+ Kd8 20.
Bc6 Ra7 21. Re7 1-0

[Event "ICC 2 12 10/18/97, Internet Ch"]
[Site "ICC 2 12 10/18/97, Internet C"]
[Date "1997.??.??"]
[Round "?"]
[White "Brause"]
[Black "imbecile"]
[Result "1-0"]
[WhiteElo "2680"]
[BlackElo "2015"]
[PlyCount "75"]

1. e4 e6 2. d4 d5 3. c4 dxe4 4. Nc3 Bb4 5. Be3 Nf6 6. Qb3 Bxc3+ 7. Qxc3 O-O 8.
Be2 c5 9. O-O-O Qc7 10. dxc5 Nc6 11. g4 e5 12. h3 Be6 13. g5 Nd7 14. Rd2 Rfd8
15. h4 Nf8 16. Rd1 Rxd1+ 17. Bxd1 Rd8 18. Bc2 Bf5 19. Ne2 Ng6 20. Ng3 Qc8 21.
Kb1 Nd4 22. Qa5 a6 23. Nxf5 Nxf5 24. Bxe4 Nxe3 25. fxe3 Qd7 26. Qb6 Nf8 27.
Qxb7 Ne6 28. Qxd7 Rxd7 29. c6 Rd8 30. Kc2 g6 31. b4 Rb8 32. Kc3 Kf8 33. Rf1
Ke8
34. Bd5 Ke7 35. a4 Rb6 36. Bxe6 Kxe6 37. Rf6+ Ke7 38. c7 1-0

[Event "ICC 2 12 10/20/97, Internet Ch"]
[Site "ICC 2 12 10/20/97, Internet C"]
[Date "1997.??.??"]
[Round "?"]
[White "Brause"]
[Black "WienerPartie"]
[Result "1-0"]
[WhiteElo "2590"]
[BlackElo "2435"]
[PlyCount "80"]

1. e4 e6 2. d4 d5 3. c4 dxe4 4. Nc3 Nf6 5. f3 Bb4 6. Qa4+ Nc6 7. a3 Bxc3+ 8.
bxc3 O-O 9. Bg5 h6 10. Bh4 e3 11. f4 e5 12. fxe5 Nxe5 13. Qc2 Ng6 14. Bxf6
Qxf6
15. Bd3 Bg4 16. Rb1 Rab8 17. Rb5 Rfe8 18. Rb2 c5 19. Bxg6 fxg6 20. Qd3 Bf5 21.
Qd1 e2 22. Nxe2 cxd4 23. cxd4 Bg4 24. c5 Re3 25. Rf1 Qe7 26. Rf4 Bxe2 27. Rxe2
Re8 28. Rff2 Rxe2+ 29. Rxe2 Qxe2+ 30. Qxe2 Rxe2+ 31. Kxe2 Kf7 32. d5 Ke7 33.
Ke3 g5 34. h3 g6 35. Ke4 Kf6 36. Kd4 h5 37. Ke4 a6 38. a4 h4 39. a5 Kf7 40. d6
Ke6 1-0

[Event "ICC 2 12 10/20/97, Internet Ch"]
[Site "ICC 2 12 10/20/97, Internet C"]
[Date "1997.??.??"]
[Round "?"]
[White "Brause"]
[Black "patterncircular"]
[Result "1-0"]
[WhiteElo "2520"]
[BlackElo "2230"]
[PlyCount "54"]

1. e4 e6 2. d4 d5 3. c4 c6 4. Nc3 Bb4 5. exd5 exd5 6. Qb3 Qe7+ 7. Be3 Be6 8.
Bd3 Nf6 9. Nge2 Kf8 10. Nf4 Nbd7 11. Nxe6+ fxe6 12. O-O Kf7 13. c5 Bxc3 14.
Qxc3 Rhf8 15. Bf4 Rfc8 16. Bd6 Qe8 17. Rae1 Kg8 18. Re2 Qf7 19. Qc2 g6 20.
Rfe1
Re8 21. f4 Rac8 22. Qb3 b5 23. cxb6 axb6 24. Ba6 c5 25. Bxc8 Rxc8 26. Rxe6
cxd4
27. Re7 Rc4 1-0

[Event "ICC 2 12 10/22/97, Internet Ch"]
[Site "ICC 2 12 10/22/97, Internet C"]
[Date "1997.??.??"]
[Round "?"]
[White "Brause"]
[Black "sekere"]
[Result "1-0"]
[WhiteElo "2560"]
[BlackElo "1980"]
[PlyCount "68"]

1. e4 e6 2. d4 d5 3. c4 dxe4 4. Nc3 Nf6 5. f3 e3 6. Qa4+ Nbd7 7. Bxe3 Be7 8.
O-O-O O-O 9. Qc2 c6 10. d5 cxd5 11. cxd5 exd5 12. Nxd5 Nxd5 13. Rxd5 Qe8 14.
Bc4 Nf6 15. Re5 Qd8 16. Qc3 Bd6 17. Ra5 Qc7 18. Bd4 Ne8 19. Ne2 b6 20. Bd5
bxa5
21. Bxa8 Be6 22. Qxc7 Nxc7 23. Bc6 Bxa2 24. Bxa7 Bb3 25. Nd4 Bf4+ 26. Kb1 Bc4
27. b3 Bd5 28. Bb6 Bxc6 29. Nxc6 Nd5 30. Bxa5 Rc8 31. Rd1 Rxc6 32. Rxd5 g6 33.
g3 Bd6 34. b4 Be7 1-0

[Event "ICC 2 12 10/24/97, Internet Ch"]
[Site "ICC 2 12 10/24/97, Internet C"]
[Date "1997.??.??"]
[Round "?"]
[White "Brause"]
[Black "Talliaan"]
[Result "1-0"]
[WhiteElo "2570"]
[BlackElo "2120"]
[PlyCount "25"]

1. e4 e6 2. d4 d5 3. c4 Bb4+ 4. Nc3 c5 5. cxd5 exd5 6. dxc5 Qa5 7. Bd2 d4 8.
Nd5 Bxd2+ 9. Qxd2 Qxd2+ 10. Kxd2 Kd7 11. Nf3 Nc6 12. Bb5 f6 13. Nxd4 1-0

[Event "ICC 2 12 10/29/97, Internet Ch"]
[Site "ICC 2 12 10/29/97, Internet C"]
[Date "1997.??.??"]
[Round "?"]
[White "Brause"]
[Black "WienerPartie"]
[Result "0-1"]
[WhiteElo "2565"]
[BlackElo "2425"]
[PlyCount "179"]

1. e4 e6 2. d4 d5 3. c4 dxe4 4. Nc3 Nf6 5. f3 Bb4 6. Qa4+ Nc6 7. a3 Bxc3+ 8.
bxc3 O-O 9. Qc2 exf3 10. Nxf3 Re8 11. Bf4 e5 12. dxe5 Bg4 13. Be2 Bxf3 14.
Bxf3
Nxe5 15. O-O Nxf3+ 16. Rxf3 Qe7 17. Qf5 g6 18. Qa5 b6 19. Qe5 Qxe5 20. Bxe5
Rxe5 21. Rxf6 Re3 22. Rd1 Rxc3 23. Rd7 Rf8 24. Rc6 Rxa3 25. Rcxc7 a5 26. Rb7
Ra1+ 27. Kf2 Ra2+ 28. Kg3 Rc2 29. Rxb6 Rxc4 30. Ra6 Rc3+ 31. Kf4 Rc2 32. Rxa5
Rxg2 33. h3 Kg7 34. Re5 h5 35. Kf3 Ra2 36. Ree7 Rh2 37. Kg3 Rh1 38. Kg2 Rb1
39.
h4 Rb4 40. Kg3 Rg4+ 41. Kh3 Kg8 42. Rb7 Rf4 43. Kg3 Rd4 44. Kh3 Kg7 45. Kg3
Rg4+ 46. Kh3 Rf4 47. Kg3 Rc4 48. Ra7 Rg4+ 49. Kh3 g5 50. hxg5 Rxg5 51. Ra6 Rd8
52. Raa7 Rd3+ 53. Kh2 Rd2+ 54. Kh3 Rf5 55. Re3 Rff2 56. Kh4 Rf4+ 57. Kg3 Rg4+
58. Kf3 Kg6 59. Ra6+ Kg5 60. Re7 Rf4+ 61. Ke3 Rdf2 62. Ra5+ f5 63. Rg7+ Kf6
64.
Rh7 R4f3+ 65. Kd4 Rd2+ 66. Kc4 Rc2+ 67. Kb4 Kg5 68. Ra8 Rb2+ 69. Kc5 Rc3+ 70.
Kd4 Rc1 71. Rf8 Rb4+ 72. Kd5 f4 73. Rg7+ Kh4 74. Ke5 Re1+ 75. Kd6 Kh3 76. Rgf7
Ree4 77. Rg7 h4 78. Rh7 Rbd4+ 79. Kc5 Rd1 80. Rg7 Rf1 81. Kd5 Re3 82. Rh7 Rd1+
83. Kc5 Re5+ 84. Kb6 Kg4 85. Ka6 Rg5 86. Kb6 f3 87. Rfh8 Rh1 88. Rf8 Kg3 89.
Kc6 h3 90. Kd6 0-1

[Event "ICC 2 12 10/30/97, Internet Ch"]
[Site "ICC 2 12 10/30/97, Internet C"]
[Date "1997.??.??"]
[Round "?"]
[White "Brause"]
[Black "sekere"]
[Result "1-0"]
[WhiteElo "2445"]
[BlackElo "2085"]
[PlyCount "51"]

1. e4 e6 2. d4 d5 3. c4 dxe4 4. Nc3 Nf6 5. f3 exf3 6. Nxf3 Be7 7. Bd3 O-O 8.
O-O c5 9. d5 exd5 10. cxd5 Bg4 11. Qb3 b6 12. Ne5 Bd6 13. Re1 Bxe5 14. Rxe5
Nbd7 15. Re1 Re8 16. Bf4 Bh5 17. Nb5 Rxe1+ 18. Rxe1 Bg6 19. Nd6 Bxd3 20. Qxd3
h6 21. Nf5 Nf8 22. Ne7+ Kh8 23. d6 Ne6 24. Be5 Ne8 25. Qh3 Kh7 26. Qf5+ 1-0

[Event "ICC 2 12 10/30/97, Internet Ch"]
[Site "ICC 2 12 10/30/97, Internet C"]
[Date "1997.??.??"]
[Round "?"]
[White "Brause"]
[Black "AAA"]
[Result "1-0"]
[WhiteElo "2455"]
[BlackElo "2175"]
[PlyCount "73"]

1. e4 e6 2. d4 d5 3. c4 dxe4 4. Nc3 f5 5. Be2 Nf6 6. Nh3 Bb4 7. Bf4 O-O 8. Qd2
b6 9. O-O Bxc3 10. Qxc3 Bb7 11. Rfe1 Nbd7 12. Rad1 Rc8 13. Kf1 Qe8 14. Qg3 Qd8
15. b4 Kh8 16. Qa3 a6 17. Qg3 h6 18. Ng1 g5 19. Bc1 Qe8 20. Qh3 Qg6 21. a4 Kg7
22. Bd2 f4 23. Qb3 e3 24. Bc3 exf2 25. Kxf2 Ne4+ 26. Kf1 Nxc3 27. Qxc3 Qf6 28.
Bg4 Rce8 29. Qh3 Nb8 30. Rxe6 Rxe6 31. Bxe6 Nc6 32. Bd5 Nd8 33. Qd7+ Kg6 34.
Bxb7 Nxb7 35. Nf3 Nd6 36. Ne5+ Kh5 37. Qg4# 1-0

[Event "ICC 2 12 11/03/97, Internet Ch"]
[Site "ICC 2 12 11/03/97, Internet C"]
[Date "1997.??.??"]
[Round "?"]
[White "Brause"]
[Black "gleit"]
[Result "1-0"]
[WhiteElo "2515"]
[BlackElo "1950"]
[PlyCount "29"]

1. e4 e6 2. d4 d5 3. c4 dxe4 4. Nc3 c5 5. d5 exd5 6. cxd5 Nf6 7. Bg5 Be7 8.
Bb5+ Bd7 9. d6 Bxb5 10. dxe7 Qxd1+ 11. Rxd1 Bc6 12. Rd8+ Kxe7 13. Rxh8 e3 14.
f3 b6 15. Rxh7 1-0

[Event "ICC 2 12 11/03/97, Internet Ch"]
[Site "ICC 2 12 11/03/97, Internet C"]
[Date "1997.??.??"]
[Round "?"]
[White "Brause"]
[Black "catbert"]
[Result "1-0"]
[WhiteElo "2500"]
[BlackElo "1955"]
[PlyCount "73"]

1. e4 e6 2. d4 d5 3. c4 dxe4 4. Nc3 Nf6 5. f3 c5 6. d5 Bd6 7. fxe4 exd5 8.
exd5
O-O 9. Nb5 Re8+ 10. Be2 Bg4 11. Bg5 h6 12. Bxf6 Qxf6 13. Nxd6 Qxd6 14. Qc2
Bxe2
15. Nxe2 Qe5 16. Rd1 Nd7 17. Rd2 Qf6 18. Qd3 Ne5 19. Qe4 Ng6 20. Qc2 Qh4+ 21.
g3 Qh3 22. d6 Qg2 23. Rf1 Ne5 24. d7 Red8 25. Qf5 f6 26. Rd5 Qxh2 27. Qe6+ Kh8
28. Rxf6 Nxc4 29. Rf2 Qh1+ 30. Rf1 Qg2 31. Rh5 Qc6 32. Qxc4 Rxd7 33. Qxc5 Qa4
34. b3 Qxa2 35. Rf8+ Rxf8 36. Qxf8+ Kh7 37. Qf5+ 1-0

[Event "fics rated blitz game, fics, O"]
[Site "fics rated blitz game, fics, "]
[Date "1997.??.??"]
[Round "?"]
[White "Brause"]
[Black "mtjab"]
[Result "1-0"]
[WhiteElo "2295"]
[BlackElo "1860"]
[PlyCount "29"]

1. e4 e6 2. d4 d5 3. c4 dxc4 4. Bxc4 b6 5. Nf3 Bb7 6. Nc3 Nf6 7. Bg5 Be7 8.
Qd3
O-O 9. O-O c5 10. Rad1 cxd4 11. Nxd4 Nc6 12. Nxc6 Bxc6 13. Qg3 h6 14. Rxd8
Raxd8 15. Bxh6 1-0

[Event "fics rated blitz game, fics, O"]
[Site "fics rated blitz game, fics, "]
[Date "1997.??.??"]
[Round "?"]
[White "Brause"]
[Black "pmac"]
[Result "1-0"]
[WhiteElo "2370"]
[BlackElo "2110"]
[PlyCount "57"]

1. e4 e6 2. d4 d5 3. c4 dxe4 4. Nc3 Bb4 5. Be3 Nf6 6. Qb3 Bxc3+ 7.
Qxc3 O-O 8. Be2 Qe7 9. Bf4 Nc6 10. Nh3 Re8 11. Be5 Nd7 12. Bxc7 e5 13.
d5 Nd4 14. d6 Qf6 15. c5 Nf8 16. Bd1 Bxh3 17. Qxh3 Nfe6 18. d7 Rf8 19.
d8=R Nxd8 20. Bd6 Re8 21. O-O N8e6 22. Qe3 Qg6 23. Bxe5 f5 24. Bxd4 f4
25. Qc3 f3 26. g3 Rad8 27. Bb3 Kh8 28. Rad1 Nf4 29. Bxg7+ 1-0